[Event "ESP-ch U14 Rapid"]
[Site "Salobrena"]
[Date "2022.07.23"]
[Round "1"]
[White "Arce Gonzalez, Dario"]
[Black "Rodriguez Mayen, Antonio"]
[Result "1-0"]
[WhiteElo "1678"]
[BlackElo "1321"]
[PlyCount "71"]
[EventDate "2022.07.23"]
[EventType "swiss (rapid)"]
[EventRounds "9"]
[EventCountry "ESP"]
[SourceTitle "EXT 2023"]
[Source "ChessBase"]
[SourceDate "2022.10.05"]
[SourceVersion "1"]
[SourceVersionDate "2022.10.05"]
[SourceQuality "1"]

1. d4 Nf6 2. c4 g6 3. Nc3 Bg7 4. e4 d6 5. Nf3 0-0 6. Be2 Nc6 7. 0-0 e5 8. d5 Nb8 9. Bg5 Nbd7 10. b4 h6 11. Be3 a5 12. a3 b6 13. Qc1 Kh7 14. Nd2 Ng4 15. Bxg4 Nf6 16. Bxc8 Rxc8 17. f3 Nd7 18. Qc2 f5 19. Bf2 Qg5 20. Rfd1 f4 21. Qa4 Qd8 22. c5 Ra8 23. cxd6 cxd6 24. Qb3 Rc8 25. Rac1 h5 26. Nc4 Rf6 27. Nb5 Bf8 28. Bh4 Rb8 29. Ncxd6 Bxd6 30. Nxd6 Nc5 31. bxc5 bxc5 32. Bxf6 Qxd6 33. Be7 Qc7 34. d6 Qa7 35. Qf7+ Kh8 36. Bf6# 1-0